000 01297nam a2200217Ia 4500
003 Ost
005 20260416102357.0
008 260416s9999||||xx |||||||||||||| ||und||
040 _cfsecg
041 _aara
082 _a301
100 _aقرنان، آسيا
_eمؤلف
245 0 _aمحاضرات في مقياس مدخل إلى علم الإجتماع :
_bموجه لطلبة السنة الأولى LMD جذع مشترك /
_c آسيا قرنان
260 _aالجزائر
_bجامعة الجزائر3: كلية العلوم الإقتصادية، العلوم التجارية وعلوم التسيير
_c2021
300 _a134 ورقة
_bايضاحات
_c30 سم
504 _aمراجع ص.133
520 _aمستويات الدراسة و موضوع علم الاجتماع و المنهج في علم الاجتماع و الاهداف ، محطات رئيسية في تاريخ نشأة علم الاجتماع و العوامل الممهدة لنشأة علم الاجتماع ، نظريات علم الاجتماع و رواد علم الاجتماع.
653 _aالاجتماع-علم
710 _aجامعة الجزائر3: كلية العلوم الإقتصادية، العلوم التجارية وعلوم التسيير
_eناشر علمي
942 _cHANDOUT
999 _c41243
_d41243